All FE2 Permanent maps - Statistics

General Stats
  • This quiz has been taken 246 times
    16 since last reset
  • The average score is 69 of 180
Answer Stats
Answer % Correct
Antiquated Railways
75%
Archipelago
75%
Bathroom Leak
75%
Beneath The Ruins
75%
Closing Hours
75%
Cloudy Skylands
75%
Dark Sci-Facility
75%
Dark Sci-Forest
75%
Dormant Vale
75%
Fallen
75%
Fallen (Classic)
75%
Fall Equinox
75%
Familiar Ruins
75%
Forlorn Christmas
75%
Magmatic Mines
75%
Marred Dreams
75%
Northern Workshop
75%
Poisonous Forest
75%
Polar Industry
75%
Relic Valley
75%
Retro Coast
75%
Satomi Springs
75%
Shimmering Delta
75%
Toxic Woods
75%
Zemblanity
75%
Abandoned Facility
50%
Active Volcanic Mines
50%
Axiom
50%
Blue Moon
50%
Buried Oasis
50%
Calamity Kingdom
50%
Castle Tides
50%
Cave System
50%
Classic Canyon
50%
Construction Thrill
50%
Crystal Caverns
50%
Cyberpunk District
50%
Decaying Silo
50%
Decrepit Seas
50%
Despotic Ruins
50%
Eerie Peaks
50%
Flood Island
50%
Forgotten Tombs
50%
Forsaken Era
50%
Gloomy Manor
50%
Graveyard Cliffside
50%
Icy Spires
50%
Ignis Peaks
50%
Infiltration
50%
Lava Tower
50%
Lost Desert
50%
Lost Woods
50%
Luminance
50%
Mysterium
50%
Mystic Fortress
50%
Northern Mill
50%
Oriental Grove
50%
Poisonous Chasm
50%
Poisonous Valley
50%
Rustic Jungle
50%
Sakura Falls
50%
Sandswept Ruins
50%
Sedimentary Temple
50%
Sinking Ship
50%
Sky Sanctuary
50%
Snowy Peaks
50%
Snowy Stronghold
50%
Starry Fields
50%
Sulphureous Sea
50%
Sunken Citadel
50%
Wild Savannah
50%
Wintertide Haven
50%
Abandoned Cemetery
25%
Abandoned Harbour
25%
Abandoned Junkyard
25%
Abyssal Remnants
25%
Abyssal Tempest
25%
Amphibious Billow
25%
Arctic Grotto
25%
Autumn Fields
25%
Blooming Lagoon
25%
Boreal Isle
25%
Cadaver Creek
25%
Cascade Rift
25%
Casino Of Envy
25%
Central Mass Array
25%
Chaoz Japan
25%
Club Quarry
25%
Colouring Book
25%
Concrete Jungle
25%
Cursed Jungle
25%
Deserted Frontier
25%
Desolate Domain
25%
Distorted Ignis Dimension
25%
Ducky Hills
25%
Duskland Enigma
25%
Eerie Spires
25%
End Of The Line
25%
Factory Center
25%
Footlight Lane
25%
Forest Facility
25%
Frostbite Coastline
25%
Gallery of Illusion
25%
Gallery of Wonders
25%
Glacial Warfare
25%
Golden Passage
25%
Grumbling Mineshafts
25%
Hallowed Vestige
25%
Harvest Falls
25%
Heights Island
25%
Hovering Enclaves
25%
Interstice Mindscape
25%
Irradiating Alpines
25%
Jungle Exploration
25%
Kozui Peak
25%
Lighthouse
25%
Lilac Valley
25%
Liminal Fruticore
25%
Lost City of Gold
25%
Luminous Reservoir
25%
Marigold Meadows
25%
Mars Stations
25%
Mayan Remnants
25%
Minds Of Misery
25%
Mirage Saloon
25%
Moonlight Forest
25%
Mossy Shrine
25%
Nightmare Castle
25%
Nimble Valley
25%
Oil Outpost
25%
Onama Views
25%
Orbital Overlook
25%
Outlier Of A Coppice Carcass
25%
Pascha Equinox
25%
Pursuit
25%
Runic Maze
25%
Sandbox Scamper
25%
Sandstorm Dunes
25%
Sanguineous Luna
25%
Sapphire Falls
25%
Sinister Labyrinth
25%
Skywork Falls
25%
Smoldering Fractured Realm
25%
Snowscape Odyssey
25%
Snowswept Gulley
25%
Spectral Hideaway
25%
Spider Dungeon
25%
Splendid China Wall
25%
Spring Valley
25%
Starstruck Palace
25%
Steam Palaces
25%
Steampunk Clockworks
25%
Strawberry Springs
25%
Submerging Coastland
25%
Sub-Zerosphere
25%
Summit
25%
Sunlit Villas
25%
Sunset Fairway
25%
Surreal Scene
25%
The Fury Of Boreas
25%
The Judgement Of Hephaestus
25%
The Malfunction Of Time
25%
Thieves Refuge
25%
Toybox Trouble
25%
Twilight Athenaeum
25%
Undersea Facility
25%
Underworld Castle
25%
Underworld Grove
25%
Unyielding Dusk
25%
Venomous Vistas
25%
Virulent Junkyard
25%
Wasteland Junction
25%
Whirlwind Wasteland
25%
Wild Skatepark
25%
Wildwood Waterways
25%
Windswept Valley
25%
Year Of The Flood
25%
Beep Block Station
0%
Frozen Settlement
0%
Insular Solstice
0%
No matching quizzes found
Score Distribution
Percent of People with Each Score
Percentile by Number Answered
Your Score History
You have not taken this quiz since the last reset